000 00633cam a2200145 4500500
005 20260208005827.0
041 _afre
042 _adc
100 1 0 _ade Saint-Cheron, Michaël
_eauthor
245 0 0 _aJEAN-YVES TADIÉ, Regarde de tous tes yeux, regarde ! Jules Verne. Paris, Gallimard, coll. « L’un et l’autre », 2005. Un vol. 12 × 20 de 273 p.
260 _c2005.
500 _a9
786 0 _nRevue d'histoire littéraire de la France | 105 | 3 | 2005-06-01 | p. 655zh-764zh | 0035-2411
856 4 1 _uhttps://shs.cairn.info/revue-d-histoire-litteraire-de-la-france-2005-3-page-655zh?lang=fr&redirect-ssocas=7080
999 _c1653966
_d1653966